Au fil de l'eau et du temps: Architecture, spatialité et diachronie de la gestion de l'eau en Méditerranée

Saved in:

Other Authors: Covolan, Marina (Editor)

Format: Book

Published: Oxford Archaeopress Publishing Ltd 2026

Tags: Add Tag

No Tags, Be the first to tag this record!

Call Number:

LEADER 00698namaa2200169 4500
001 9781805831761
003 UkOxAP
005 20260405155019.0
020 |a 9781805831778 
776 1 |x 9781805831761 
245 0 0 |a Au fil de l'eau et du temps: Architecture, spatialité et diachronie de la gestion de l'eau en Méditerranée 
100 1 |a Covolan, Marina  |e Editor  |l French 
856 4 2 |a http://library.arce.org:8087/Archaeopress/Products/9781805831778 
260 |a Oxford  |b Archaeopress Publishing Ltd  |c 2026 
270 |a Archaeopress Publishing Ltd, Summertown Pavillion, 18 -24 Middle Way, Summertown  |b Oxford  |d United Kingdom  |e OX2 7LG  |k 44-1865-311914  |m info@archaeopress.com 
942 |2 lcc  |c EBOOK 
999 |c 62171  |d 62171